000 00531nam a2200217 a 4500
999 _c6951
_d6951
001 6951
003 BD-JhCC
005 20180203090911.0
008 180203s1964 e a|||| || | 000 0 eng d
035 _a(BD-JhCC)6951
040 _aBD-JhCC
_dBD-JhCC
041 _aeng
082 _a823.3
_bCHU 1964
100 _aChuncy, Nan
245 _aWorld's End Was Home /
_cNan Chuncy,
260 _aLondon :
_bOxford University Press,
_c1964
300 _a202 p. :
_c20 cm.
650 _aFictions
942 _2ddc
_cBK